Soccer Players by Letter - F - Statistics

General Stats
  • This quiz has been taken 576 times
    540 since last reset
  • The average score is 10 of 12
Answer Stats
Picture Answer % Correct
Bruno Fernandes
97%
Phil Foden
96%
Luís Figo
94%
Rio Ferdinand
90%
João Félix
88%
Diego Forlán
84%
Fabinho
83%
Radamel Falcao
79%
Cesc Fàbregas
78%
Fernandinho
78%
Marouane Fellaini
78%
Robbie Fowler
39%
No matching quizzes found
Score Distribution
Percent of People with Each Score
Percentile by Number Answered
Your Score History
You have not taken this quiz since the last reset